| 000 | 01062nam0a22002651 4500 | ||
|---|---|---|---|
| 001 | rc\2712850 | ||
| 005 | 20230524173922.0 | ||
| 035 | _a(NLR Aleph) 006840742 | ||
| 090 |
_a6642872 _c6642872 |
||
| 100 | _a20110915d1934 |||y0rusy50 ca | ||
| 101 | 0 | _arus | |
| 102 | _aRU | ||
| 105 | _ay z ||||| | ||
| 200 | 1 |
_aО сохраняемости спор сибирской язвы в различных стадиях выработки кожи и в сточных жидкостях _fД-р В. И. Эмдин, ветврач И. А. Егоров _gОбл. ком-т Союза кожевников ТР |
|
| 210 |
_aКазань _cТатгосиздат. Сектор промтехлит-ры _d1934 _g[тип.] Татполиграф |
||
| 215 |
_aОбл., 42 с. _d17х13 см. |
||
| 320 | _aБиблиогр.: "Литература" (с. 41-42) | ||
| 700 | 1 |
_aЭмдин _bВ. И. |
|
| 701 | 1 |
_aЕгоров _bИ. А. |
|
| 801 | 0 |
_aRU _bNLR _gpsbo |
|
| 801 | 1 |
_aRU _bELAR _2rusmarc |
|
| 852 |
_aNLR _j34-9/5785 |
||
| 942 | _cBOOK | ||
| 980 | _aNB | ||